[Event "24th European Women Club Cup 2019"]
[Site "Ulcinj"]
[Date "2019.11.10"]
[Round "1.10"]
[White "Javakhishvili, Lela"]
[Black "Caglar, Sila"]
[Result "1/2-1/2"]
[WhiteElo "2457"]
[BlackElo "2242"]
[Annotator "TA"]
[PlyCount "121"]
[EventDate "2019.11.10"]
[EventType "team-tourn"]
[EventCountry "MNE"]
[SourceTitle "playchess.com"]
[Source "ChessBase"]
[SourceQuality "1"]
[WhiteTeam "Nona"]
[BlackTeam "Maribor"]

{[%evp 18,121,48,21,44,40,41,31,41,14,4,-28,-21,-99,-39,-63,-12,-41,-1,-59,-45,-59,-35,-35,-39,-44,-46,-47,-36,-60,-21,-25,-8,-70,-67,-125,-122,-167,-170,-224,-160,-194,-191,-176,-166,-161,-100,-150,-65,-39,-58,-106,-40,-39,-45,-120,-16,-81,-32,-56,-43,-24,0,-1,-7,-33,0,0,0,0,0,0,0,0,0,0,0,0,0,0,0,0,0,0,0,0,18,0,0,0,0,0,1,0,0,-8,0,0,0,0,0,-8,-8,-8,0,0]} 1. d4 Nf6 2. c4 e6 3. Nc3 c5 4. d5 exd5 5. cxd5 d6 6. Nf3 g6 7. Nd2 Bg7 8. Nc4 O-O 9. Bg5 h6 10. Bf4 Ne8 {A61: Modern Benoni: Nf3 without early e4} 11. Qc1 (11. Qd2 g5 12. Bg3 Bxc3 13. Qxc3 f5 14. h4 f4 15. Bh2 b5 16. Nd2 g4 17. e3 Nc7 18. Bxf4 Nxd5 {½-½ (34) Koegler,K (2557)-Mueller,G (2603) ICCF email 2008}) 11... Kh7 12. h4 Na6 $146 {White is slightly better.} ({Predecessor:} 12... f5 13. Nb5 Nd7 14. Nbxd6 Nxd6 15. Bxd6 Re8 16. Bf4 Nf6 17. Nd6 Re7 18. Qxc5 {0-1 (28) Hauge,E-Moe Nilssen,N Norway 2002}) 13. e4 Qe7 14. h5 g5 15. Be3 (15. Bh2 $11 {keeps the balance.}) 15... Kg8 (15... f5 $17 16. f3 Nec7) 16. Qd2 Bd7 (16... Bxc3 $15 17. bxc3 Qxe4) 17. Na5 $11 f5 {And now ...f4 would win.} 18. exf5 ({Wrong is} 18. Nxb7 $2 f4 $19) (18. f4 $1 $11) 18... Bxf5 $15 19. Be2 Nf6 20. Bxg5 Nb4 21. Kf1 $1 hxg5 22. h6 Ne4 23. Nxe4 Bxe4 24. hxg7 Kxg7 {White should prevent ...Nc2.} 25. f3 (25. Bf3 $1 $11 Rh8 26. Rxh8 (26. Qc3+ Qf6 $15) 26... Rxh8 27. Kg1) 25... Bg6 $36 {[%mdl 2048] Black is pushing.} 26. a3 (26. Qc3+ $15 Qf6 27. Qxf6+ Rxf6 28. Kf2) 26... Nc2 $17 27. Rc1 Nd4 28. Re1 Rae8 29. Kf2 {[#]} Qf6 $1 30. Bd1 g4 {[%cal Rg4f3]} 31. Rxe8 Bxe8 (31... Rxe8 $19 32. Nb3 Nf5 33. fxg4 Ne3+ 34. Bf3 Nc4) 32. f4 Qxf4+ (32... Qg5 $17 33. g3 Qxd5) 33. Qxf4 $15 Rxf4+ 34. Kg3 {[#]} Rf7 ({Black should try} 34... Rf6 $1 $17 {Threatens to win with ...Bf7.} 35. Re1 Bf7 36. Nxb7 Bxd5 37. Re7+ Kg6 38. Bxg4 Nf5+ 39. Bxf5+ Kxf5) 35. Bxg4 Bb5 36. Rc1 (36. Bf3 $15) 36... Nf5+ (36... b6 $17 37. Nc6 Bxc6 38. dxc6 Nxc6) 37. Kh2 (37. Bxf5 $11 Rxf5 38. Rd1) 37... Ne3 38. Bf3 b6 39. Nc6 Rc7 40. Nd4 {Ne6+ is the strong threat.} Bd7 41. Rc3 Nf5 42. Nxf5+ {The position is equal.} Bxf5 $11 {[%mdl 4096] Endgame KRB-KRB} 43. g4 Bg6 44. Re3 c4 45. Re6 Rd7 46. Kg3 b5 47. g5 Bf7 48. Rf6 a5 49. Be4 b4 50. axb4 axb4 51. Rh6 Bg8 52. Kf4 c3 53. bxc3 bxc3 54. Ke3 Rc7 55. Rh2 Rc5 56. Rc2 (56. Kd3 {with more complications.} Bxd5 57. Bxd5 Rxd5+ 58. Kxc3 Kg6 59. Rf2) 56... Bxd5 57. Bxd5 Rxd5 58. Rxc3 Rxg5 59. Kd4 Kf6 60. Re3 Re5 61. Rxe5 {Accuracy: White = 51%, Black = 42%.} 1/2-1/2

[Event "24th European Women Club Cup 2019"]
[Site "Ulcinj"]
[Date "2019.11.10"]
[Round "1.11"]
[White "Vidic, Teja"]
[Black "Khotenashvili, Bela"]
[Result "0-1"]
[WhiteElo "2189"]
[BlackElo "2446"]
[Annotator "TA"]
[PlyCount "108"]
[EventDate "2019.11.10"]
[EventType "team-tourn"]
[EventCountry "MNE"]
[SourceTitle "playchess.com"]
[Source "ChessBase"]
[SourceQuality "1"]
[WhiteTeam "Maribor"]
[BlackTeam "Nona"]

{[%evp 15,108,33,33,33,31,31,41,38,42,41,35,35,53,48,50,47,77,38,58,42,39,39,47,0,0,0,0,0,0,0,1,-56,0,-16,-16,-16,-13,-17,-8,-8,-8,-8,0,0,8,-33,-35,-58,-39,-114,-114,-102,0,0,0,0,73,19,12,-8,-10,-5,0,0,0,-12,0,0,0,-15,-8,-36,-29,-174,-80,-275,-260,-244,-125,-948,-897,-29976,-29977,-6938,-6111,-29985,-29986,-29986,-29982,-29982,-29983,-29983,-29984,-29984,-29985]} 1. e4 c6 2. d4 d5 3. Nd2 dxe4 4. Nxe4 Bf5 5. Ng3 Bg6 6. Nh3 e6 7. Nf4 Bd6 8. Nxg6 hxg6 9. Ne4 {B18: Classical Caro-Kann: 4...Bf5 sidelines} Be7 (9... Nf6 10. Ng5 Nbd7 11. g3 Qa5+ 12. c3 Qd5 13. Qf3 Rh5 14. Qxd5 cxd5 15. Be2 Rh8 16. a4 Rc8 {0-1 (82) Varga,Z (2455)-Berkes,F (2685) Hungary 2012}) 10. g3 Nd7 11. Bg2 {White is slightly better.} Ndf6 12. O-O $146 ({Predecessor:} 12. Ng5 Nh6 13. c3 Nf5 14. Qe2 Bd6 15. Bd2 Qc7 16. O-O-O O-O-O {1-0 (64) Borgo,G (2431)-Brunner,L (2475) Switzerland 2009}) 12... Nxe4 13. Bxe4 Bf6 14. Qf3 Ne7 15. Rd1 Qb6 16. a4 a5 17. Ra3 Rd8 18. Rb3 Qa7 19. Rbd3 Rxd4 20. Be3 Rxd3 21. Bxa7 Rxf3 22. Bxf3 Nc8 23. Bb8 (23. Be3 $11) 23... Bd8 ({Much worse is} 23... Bxb2 $6 24. Rb1 $14) (23... Nb6 $1 $15) 24. Rd3 Bb6 25. c4 Ke7 26. Rb3 $1 Rd8 $36 {[%mdl 2048] Black fights for an advantage.} 27. c5 $1 {[%cal Rc5b6]} Bxc5 28. Rxb7+ Kf6 29. Bxc6 Rd2 30. Rb5 Bxf2+ 31. Kf1 Nd6 32. Rb3 (32. Bxd6 $1 $15 Rxd6 33. Kxf2 Rxc6 34. Kf3) 32... Bc5 $17 33. Bc7 Nf5 (33... Bb4 $17 34. Bd8+ Ke5 35. Re3+ Kd4) 34. Bxa5 $11 Rxh2 35. g4 Ne7 {[#]} (35... Nd6 $11 {remains equal.}) 36. Bg2 ({White should play} 36. Bc3+ $1 $16 e5 37. Bg2) 36... Nd5 37. Bd8+ Ke5 38. a5 Rh8 39. Rb8 Rh2 {White must now prevent ...Ne3+.} 40. Rb3 Rh8 41. Rb8 {And now Bc7+! would win.} Rh2 42. Bg5 f5 43. gxf5 gxf5 {Threatens to win with ...f4.} 44. a6 (44. b4 $11 {and White is okay.} Nxb4 45. Rb5) 44... f4 $19 {aiming for ...Ne3+.} 45. Bxd5 $2 (45. Rb5 $17 Be3 46. b4) 45... Kxd5 $17 {[%mdl 4096] Endgame KRB-KRB} ({Don't play} 45... exd5 46. b4 $17) 46. b4 {[#] Hoping for Rb5.} Be3 (46... Ba7 $1 $19 {[%cal Ra7b8]} 47. Rf8 e5) 47. Rf8 $2 {[%mdl 8192]} (47. b5 $17 Rf2+ 48. Ke1) 47... e5 $19 48. Rf7 Ke4 49. a7 Ra2 50. Rxg7 Kf3 {[%cal Ra2a1] Black mates.} 51. Bh4 Bxa7 52. Ke1 Be3 {[%cal Ra2a1]} 53. Kd1 Rd2+ 54. Ke1 Rh2 {Accuracy: White = 44%, Black = 54%.} 0-1

[Event "24th European Women Club Cup 2019"]
[Site "Ulcinj"]
[Date "2019.11.10"]
[Round "1.12"]
[White "Melia, Salome"]
[Black "Mar, Karmen"]
[Result "0-1"]
[WhiteElo "2380"]
[BlackElo "2041"]
[Annotator "TA"]
[PlyCount "120"]
[EventDate "2019.11.10"]
[EventType "team-tourn"]
[EventCountry "MNE"]
[SourceTitle "playchess.com"]
[Source "ChessBase"]
[SourceQuality "1"]
[WhiteTeam "Nona"]
[BlackTeam "Maribor"]

{[%evp 12,120,14,15,13,12,12,10,22,17,25,20,4,8,5,0,0,-12,20,14,20,-7,29,17,59,27,47,56,56,35,66,53,111,63,106,103,139,132,126,124,143,137,178,178,192,172,141,133,248,248,480,472,509,500,456,193,266,299,268,25,812,0,0,0,0,-806,-800,-853,-851,-783,-763,-733,-725,-728,-728,-728,-707,-725,-725,-714,-703,-705,-709,-699,-690,-711,-676,-6295,-6295,-6079,-6079,-29971,-29973,-29982,-29983,-29983,-29984,-29984,-29985,-29985,-29986,-29987,-29981,-29987,-29987,-29988,-29989,-29989,-29990,-29990,-29991]} 1. e4 c5 2. Nf3 d6 3. Bb5+ Nd7 4. d4 cxd4 5. Qxd4 a6 6. Bxd7+ Bxd7 7. O-O Rc8 {B51: Sicilian: Moscow Variation (3 Bb5+) without 3...Bd7} 8. Nc3 e5 9. Qd3 Qc7 $146 {The position is equal.} ({Predecessor:} 9... h6 10. Nd2 Qc7 11. Rd1 Nf6 12. Nf1 Bg4 13. f3 Be6 14. Ne3 Be7 15. Bd2 {1-0 (58) McShane,L (2667)-Grandelius,N (2678) Germany 2019}) 10. Rd1 h6 11. a4 Nf6 12. Nd2 Bg4 13. f3 Be6 14. Nf1 Be7 (14... Bc4 $5 {[%cal Rc4d3]} 15. Qd2 d5 $1 $11 {[%mdl 512]}) 15. Ne3 O-O 16. Bd2 Rfe8 17. Kh1 Bf8 18. Rac1 Qc5 19. Be1 Rb8 20. Bh4 Nd7 21. Ncd5 b5 (21... Bxd5 $1 $14 22. Nxd5 Nb6) 22. a5 Qa7 23. b4 Rbc8 24. c4 bxc4 25. Nxc4 g5 26. Be1 Bxd5 27. Qxd5 Nf6 28. Qd3 $1 d5 29. exd5 e4 {[#]} (29... Rcd8 $16 {was worth a try.}) 30. fxe4 $1 $18 {And now e5 would win.} Nxe4 $2 (30... Rcd8 31. d6 Rxe4) 31. d6 Rcd8 32. d7 Re6 {White should prevent ...Bxb4.} 33. Qd4 (33. Nb6 $142) 33... Qb8 (33... Qxd4 {is a better defense.} 34. Rxd4 f5) 34. Nb6 {Hoping for Rc8.} Qf4 {intending ...Rd6.} 35. Nd5 $2 (35. Qd3 $18) 35... Qg4 $2 {[%mdl 8192]} (35... Qf1+ $11 36. Qg1 Qxg1+ 37. Kxg1 Rxd7) 36. Nc3 $2 (36. Rc8 $18 Ng3+ 37. hxg3 Qxd4 38. Rxd4 Rxe1+ 39. Kh2 Rxd7 40. Nf6+ {[%mdl 64] Double Attack} Kg7 41. Nxd7) 36... Qf5 37. Nxe4 Rxe4 38. Qf2 $2 {[%mdl 8192] [#]} (38. Qa7 $11) 38... Rf4 $1 $19 39. Qxf4 Qxf4 {[%cal Rf4f1]} 40. Bg3 Qg4 41. b5 axb5 42. a6 Rxd7 43. Rxd7 Qxd7 44. Bf2 {[#]} Qd2 $1 45. Rf1 b4 46. a7 Qa2 47. Bd4 Qd5 48. Ra1 Qa8 ({Weaker is} 48... Qxd4 49. a8=Q $17) 49. h3 Bg7 50. Bxg7 Kxg7 {[%mdl 4096] Endgame KQ-KR} 51. Ra4 b3 {Black mates.} 52. Rb4 Qxa7 53. Rxb3 Qa1+ 54. Kh2 Qe5+ 55. Kh1 h5 56. Rf3 Kg6 57. Rb3 f6 58. Rf3 g4 59. Rb3 Kg5 60. hxg4 hxg4 {Accuracy: White = 53%, Black = 25%.} 0-1

[Event "24th European Women Club Cup 2019"]
[Site "Ulcinj"]
[Date "2019.11.10"]
[Round "1.13"]
[White "Pogonina, Natalija"]
[Black "Salimova, Nurgyul"]
[Result "1-0"]
[WhiteElo "2479"]
[BlackElo "2370"]
[Annotator "ChessBase"]
[PlyCount "59"]
[EventDate "2019.11.10"]
[EventType "team-tourn"]
[EventCountry "MNE"]
[SourceTitle "playchess.com"]
[Source "ChessBase"]
[SourceQuality "1"]
[WhiteTeam "Ugra"]
[BlackTeam "Asseco SEE"]
[TimeControl "40/5400+30:1800+30"]

1. d4 {[%emt 0:00:00]} Nf6 {[%emt 0:00:00]} 2. Nf3 {[%emt 0:00:00]} e6 {[%emt 0:00:00]} 3. c4 {[%emt 0:00:17]} d5 {[%emt 0:00:06]} 4. g3 {[%emt 0:00:14]} Be7 {[%emt 0:00:17]} 5. Bg2 {[%emt 0:00:14]} O-O {[%emt 0:00:15]} 6. O-O {[%emt 0:00:05]} c6 {[%emt 0:00:18]} 7. Qc2 {[%emt 0:06:10]} b6 {[%emt 0:00:51]} 8. Nbd2 {[%emt 0:02:49]} c5 {[%emt 0:01:19]} 9. cxd5 {[%emt 0:04:19]} exd5 {[%emt 0:00:50]} 10. e4 {[%emt 0:06:41]} Nc6 {[%emt 0:06:35]} 11. e5 {[%emt 0:04:38]} Nd7 {[%emt 0:08:45]} 12. a3 {[%emt 0:01:40]} Bb7 {[%emt 0:11:41]} 13. Re1 {[%emt 0:06:00]} Rc8 {[%emt 0:07:44]} 14. Qd1 {[%emt 0:09:42]} Qc7 {[%emt 0:13:12]} 15. Nf1 {[%emt 0:02:46]} cxd4 {[%emt 0:03:01]} 16. Bf4 {[%emt 0:13:17]} Nc5 {[%emt 0:11:32]} 17. e6 {[%emt 0:08:00]} Bd6 {[%emt 0:00:37]} 18. exf7+ {[%emt 0:02:14]} Rxf7 {[%emt 0:01:59]} 19. Ng5 {[%emt 0:00:36]} Bxf4 {[%emt 0:06:30]} 20. Nxf7 {[%emt 0:02:28]} Qxf7 {[%emt 0:00:28]} 21. gxf4 {[%emt 0:00:05]} Ne4 {[%emt 0:02:31]} 22. Ng3 {[%emt 0:01:06]} Qxf4 {[%emt 0:02:55]} 23. Nxe4 {[%emt 0:04:56]} dxe4 {[%emt 0:00:06]} 24. Qb3+ {[%emt 0:04:40]} Kh8 {[%emt 0:00:25]} 25. Rxe4 {[%emt 0:00:13]} Qf8 {[%emt 0:03:10]} 26. Qg3 {[%emt 0:01:10]} Qg8 {[%emt 0:12:29]} 27. Rae1 {[%emt 0:01:09]} Rd8 {[%emt 0:00:45]} 28. Qc7 {[%emt 0:10:09]} Ba8 {[%emt 0:00:42]} 29. Re6 {[%emt 0:00:37]} Na5 {[%emt 0:02:35]} 30. Qxd8 {[%emt 0:00:21]} 1-0

[Event "24th European Women Club Cup 2019"]
[Site "Ulcinj"]
[Date "2019.11.10"]
[Round "1.14"]
[White "Krasteva, Beloslava"]
[Black "Girya, Olga"]
[Result "0-1"]
[WhiteElo "2261"]
[BlackElo "2476"]
[Annotator "TA"]
[PlyCount "114"]
[EventDate "2019.11.10"]
[EventType "team-tourn"]
[EventCountry "MNE"]
[SourceTitle "playchess.com"]
[Source "ChessBase"]
[SourceQuality "1"]
[WhiteTeam "Asseco SEE"]
[BlackTeam "Ugra"]

{[%evp 13,114,-5,-4,-10,-8,-12,-5,-5,-18,-14,-18,-15,-14,-9,0,0,0,0,0,0,0,0,0,0,0,0,0,0,0,0,0,-67,-14,-92,-98,-115,-106,-106,-106,-151,-106,-104,-104,-102,-100,-108,-99,-106,-106,-107,-107,-133,-85,-187,-170,-209,-208,-195,-192,-191,-162,-190,0,-172,0,-192,-170,-149,-150,-148,-148,-144,-141,-142,-137,-130,-106,-164,-170,-166,-160,-157,-155,-166,-122,-143,-68,-83,-75,-75,-25,-28,-42,-297,-293,-329,-297,-343,-330,-327,-316,-655,-613]} 1. d4 Nf6 2. c4 e6 3. Nc3 Bb4 4. e3 O-O 5. Bd3 d5 6. cxd5 exd5 7. Nge2 Re8 8. Bd2 {E48: Nimzo-Indian: Rubinstein: 5 Bd3 d5 including 6 Ne2, but excluding 6 a3} Bd6 $146 (8... b6 9. O-O Bd6 10. Rc1 c5 11. Nb5 Bf8 12. f3 Nc6 13. Kh1 Bb7 14. a3 g6 15. Bb1 Rc8 {1-0 (31) Carlsen,M (2861)-Anand,V (2774) Cupar 2019}) ({Predecessor:} 8... Nbd7 9. Rc1 a6 10. O-O {½-½ (46) Krasteva,B (2089)-Song,Y (2178) Porto Carras 2018}) 9. Rc1 a6 10. O-O {The position is equal.} Nbd7 11. Nf4 c6 12. Qc2 Nf8 13. f3 Bxf4 14. exf4 Qb6 $1 15. Ne2 Bf5 $1 16. Bxf5 Rxe2 17. Qd3 Rae8 18. b3 g6 19. Bh3 Nh5 20. f5 Qc7 21. Rc2 R2e7 22. fxg6 (22. f4 $11) 22... hxg6 (22... Nxg6 $15 23. Kh1 Nhf4 24. Bxf4 Qxf4) 23. Bg5 (23. f4 $1 $11) 23... f6 24. Bh6 Nf4 25. Bxf4 Qxf4 26. Qd2 Qe3+ 27. Qxe3 Rxe3 28. Rd2 f5 $36 {[%mdl 2048] Black is on the roll.} 29. g3 Kf7 30. Kf2 Rc3 31. Rfd1 Ree3 32. Bg2 Ne6 33. h4 (33. f4 $17 {might work better.}) 33... Kf6 $19 34. Bh1 g5 35. hxg5+ Nxg5 ({Resist} 35... Kxg5 36. Rg1 $17) 36. Re2 Red3 37. Red2 Re3 {[%cal Rg5f3]} 38. Re2 Red3 39. Red2 $1 {[%cal Rd2d3]} Rxd2+ 40. Rxd2 {[%mdl 4096] Endgame KRB-KRN} a5 41. Bg2 {[#]} a4 $1 {[%mdl 512]} 42. bxa4 Ra3 43. a5 Rxa5 44. Bf1 Ra4 45. Be2 (45. Ke3 $17) 45... Ne6 46. Ke3 Ra3+ 47. Kf2 {[#]} f4 $1 48. Bd1 Kg5 49. Bb3 Ra6 (49... fxg3+ $17 50. Kxg3 Ra8) 50. gxf4+ $1 $15 Kxf4 {Strongly threatening ...Rb6.} 51. Ke2 Rb6 {Threatens to win with ...Rb4.} 52. Kd3 $1 Kxf3 {White must now prevent ...Nf4+.} 53. Kc3 $2 {[%mdl 8192] [#]} ({White should try} 53. Rd1 $15) 53... Nf4 $1 $19 54. Rd1 Ke3 55. Re1+ Ne2+ {[%mdl 64] Double Attack} 56. Kc2 {White wants to play Kd1.} Rb4 57. a3 $2 (57. Rh1) 57... Rxd4 {Accuracy: White = 60%, Black = 78%.} 0-1

[Event "24th European Women Club Cup 2019"]
[Site "Ulcinj"]
[Date "2019.11.10"]
[Round "1.15"]
[White "Guseva, Marina"]
[Black "Djukic, Sandra"]
[Result "1-0"]
[WhiteElo "2366"]
[BlackElo "2148"]
[Annotator "TA"]
[PlyCount "103"]
[EventDate "2019.11.10"]
[EventType "team-tourn"]
[EventCountry "MNE"]
[SourceTitle "playchess.com"]
[Source "ChessBase"]
[SourceQuality "1"]
[WhiteTeam "Ugra"]
[BlackTeam "Asseco SEE"]

{[%evp 20,103,16,0,17,7,39,22,32,-32,-28,-35,-30,-31,0,0,0,-9,-2,-30,0,0,0,0,87,80,80,-46,-63,-51,-68,-109,-85,-103,-91,-87,-22,-43,-26,-84,58,0,0,0,24,13,29,27,54,0,0,0,316,0,20,9,135,135,122,54,230,244,473,324,1187,1241,1127,1160,29968,29969,29969,29971,29971,29972,29972,29972,29971,29973,29978,29973,29980,29981,29986,29987,29988,29989]} 1. d4 d5 2. c4 dxc4 3. e4 Nf6 4. e5 Nd5 5. Bxc4 Nb6 6. Bb3 Nc6 7. Ne2 Bf5 8. Nbc3 e6 9. a3 Qd7 10. Be3 O-O-O 11. O-O h5 {D20: Queen's Gambit Accepted: 3 e3 and 3 e4} (11... Kb8 12. Qc1 Ne7 13. Ng3 Bg6 14. Nce4 Ned5 15. Bg5 Rc8 16. Nc5 Qe8 17. Re1 Nd7 18. Ba4 c6 19. Nce4 {0-1 (63) Van Wely,L (2656)-Alekseenko,K (2594) chess.com INT 2018}) 12. Qc1 h4 13. h3 $1 f6 {The position is equal.} 14. Na4 $146 (14. Rd1 $14) ({Predecessor:} 14. Rd1 Qe8 15. exf6 gxf6 16. d5 exd5 17. Nxd5 Bd6 18. Ndf4 Kb8 19. a4 Qe5 20. Nc3 {½-½ (20) Ponomarev,A (2488)-Bucinskas,V (2427) ICCF email 2008}) 14... Nd5 $15 15. Nc5 Bxc5 16. Qxc5 Nxe3 17. fxe3 fxe5 18. Rad1 Qd6 19. Qc3 exd4 20. Nxd4 Nxd4 21. Rxd4 Qg3 (21... Qe7 $11) 22. Rf3 $16 Qg6 23. Qc4 (23. Rc4 $1 $16 {[%cal Rc4c7]} Kb8 24. Qe5 (24. Rxc7 Rd3 $11)) 23... Rxd4 $15 24. Qxd4 Kb8 25. Qf4 a6 26. Bc4 Be4 27. Rf2 Rh5 (27... Bc6 $17) 28. Be2 $11 {[#]} Rg5 $1 {[%cal Rg5g2]} 29. Bg4 (29. Bf1 $1 $11 {remains equal.}) 29... Bf5 (29... b6 $17) 30. Bxf5 (30. Bf3 $14 e5 31. Qxh4) 30... Rxf5 31. Qxh4 Rxf2 (31... b6 {feels hotter.} 32. Rxf5 exf5 33. Kf2 Qf7 34. Qd4 Kb7) 32. Qxf2 $14 {[%mdl 4096] Endgame KQ-KQ} Kc8 33. Kh2 b6 34. g4 ({White should try} 34. Qf4 $14) 34... Qe4 $11 35. Kg3 g5 $2 {[%mdl 8192] [#]} (35... Qe5+ $1 $11 {and Black stays safe.} 36. Kh4 Kd7) 36. h4 $2 (36. Qf8+ $1 $18 Kb7 37. Qf3 Qxf3+ 38. Kxf3) 36... gxh4+ 37. Kxh4 a5 (37... Qh7+ $1 $11 {keeps the balance.} 38. Kg3 Qg7) 38. Qf4 $16 Qh7+ 39. Kg3 Qh8 $2 {[#]} (39... Qg6 $1 $14) 40. g5 $1 $18 Qh1 $2 (40... Qxb2 41. g6 Qg7) 41. Kg4 Kd7 $2 (41... Qd1+ 42. Qf3 Qb1) 42. g6 Qg2+ 43. Kh5 c5 44. Qf7+ {White mates.} Kd6 45. Qf8+ Kd7 46. g7 Qh2+ 47. Kg6 Qc2+ 48. Kf7 Qf5+ 49. Kg8 Qg5 50. Qf4 Qg2 51. Kf7 Qd5 52. Qg4 {Accuracy: White = 64%, Black = 27%.} 1-0

[Event "24th European Women Club Cup 2019"]
[Site "Ulcinj"]
[Date "2019.11.10"]
[Round "1.16"]
[White "Bukhteeva, Viktoria"]
[Black "Kovanova, Baira"]
[Result "1-0"]
[WhiteElo "2110"]
[BlackElo "2344"]
[Annotator "NA RC"]
[PlyCount "83"]
[EventDate "2019.11.10"]
[EventType "team-tourn"]
[EventCountry "MNE"]
[SourceTitle "playchess.com"]
[Source "ChessBase"]
[SourceQuality "1"]
[WhiteTeam "Asseco SEE"]
[BlackTeam "Ugra"]
[TimeControl "40/5400+30:1800+30"]

1. d4 {[%emt 0:00:00]} Nf6 {[%emt 0:00:00]} 2. c4 {[%emt 0:00:00]} e6 {[%emt 0:00:00]} 3. Nc3 {[%emt 0:00:22]} Bb4 {[%emt 0:00:00]} 4. Qc2 {[%emt 0:00:26]} O-O {[%emt 0:00:00]} 5. e4 {[%emt 0:00:22]} d6 {[%emt 0:01:32]} 6. e5 {[%emt 0:00:15]} dxe5 {[%emt 0:03:09]} 7. dxe5 {[%emt 0:00:06]} Nfd7 {[%emt 0:01:38]} 8. Nf3 {[%emt 0:01:28]} Nc6 {[%emt 0:06:06]} 9. Bf4 {[%emt 0:05:11]} Nc5 {[%emt 0:22:40]} 10. a3 {[%emt 0:17:46]} Bxc3+ {[%emt 0:01:20]} 11. Qxc3 {[%emt 0:00:06]} a5 {[%emt 0:04:14]} 12. Be3 {[%emt 0:04:02]} b6 {[%emt 0:03:29]} 13. Be2 {[%emt 0:05:52]} f5 {[%emt 0:04:26]} 14. exf6 {[%emt 0:04:43]} Qxf6 {[%emt 0:02:02]} 15. Qc2 {[%emt 0:09:24]} e5 {[%emt 0:01:26]} 16. Bxc5 {[%emt 0:03:35]} bxc5 {[%emt 0:00:09]} 17. Bd3 {[%emt 0:16:24]} g6 {[%emt 0:00:55]} 18. Be4 {[%emt 0:02:30]} Bf5 {[%emt 0:17:18]} 19. O-O {[%emt 0:00:57]} Nd4 {[%emt 0:03:17]} 20. Nxd4 {[%emt 0:02:12]} cxd4 {[%emt 0:00:26]} 21. c5 {[%emt 0:04:51]} Rad8 {[%emt 0:03:02]} 22. Rad1 {[%emt 0:04:33]} Kh8 {[%emt 0:00:37]} 23. Qe2 {[%emt 0:01:27]} a4 {[%emt 0:03:51]} 24. f3 {[%emt 0:01:22]} Rb8 {[%emt 0:02:12]} 25. Rfe1 {[%emt 0:02:02]} Rfe8 {[%emt 0:03:51]} 26. Rd2 {[%emt 0:01:09]} Bd7 {[%emt 0:03:18]} 27. Qf2 {[%emt 0:02:11]} Rb5 {[%emt 0:03:25]} 28. Rc2 {[%emt 0:02:04]} Qe7 {[%emt 0:01:01]} 29. c6 {[%emt 0:00:58]} Bf5 {[%emt 0:03:20]} 30. Qe2 {[%emt 0:01:48]} Rb3 {[%emt 0:01:00]} 31. Qc4 {[%emt 0:01:06]} Qh4 {[%emt 0:02:02]} 32. Rce2 {[%emt 0:02:18]} Rxb2 {[%emt 0:01:42]} 33. Qf7 {[%emt 0:00:05]} Reb8 {[%emt 0:00:31]} 34. g3 {[%emt 0:01:02]} Rxe2 {[%emt 0:00:10]} 35. gxh4 {[%emt 0:00:27]} Rxe1+ {[%emt 0:00:52]} 36. Kf2 {[%emt 0:00:04]} Rxe4 {[%emt 0:01:01]} 37. fxe4 {[%emt 0:00:14]} Bxe4 {[%emt 0:01:12]} 38. Qxc7 {[%emt 0:00:37]} Rb2+ {[%emt 0:01:03]} 39. Kg3 {[%emt 0:02:41]} Rb3+ {[%emt 0:00:25]} 40. Kg4 {[%emt 0:00:00]} Bf3+ {[%emt 0:00:00]} 41. Kg5 {[%emt 0:03:06]} Rc3 {[%emt 0:03:18]} 42. Kh6 {[%emt 0:00:46]} 1-0

[Event "24th European Women Club Cup 2019"]
[Site "Ulcinj"]
[Date "2019.11.10"]
[Round "1.17"]
[White "Rapport, Jovana"]
[Black "Khademalsharieh, Sarasadat"]
[Result "0-1"]
[WhiteElo "2379"]
[BlackElo "2491"]
[Annotator "ChessBase"]
[PlyCount "66"]
[EventDate "2019.11.10"]
[EventType "team-tourn"]
[EventCountry "MNE"]
[SourceTitle "playchess.com"]
[Source "ChessBase"]
[SourceQuality "1"]
[WhiteTeam "MNE Woman Chess"]
[BlackTeam "Pentole Agnelli"]
[TimeControl "40/5400+30:1800+30"]

1. d4 {[%emt 0:00:00]} d5 {[%emt 0:00:00]} 2. c4 {[%emt 0:00:21]} e6 {[%emt 0:00:00]} 3. Nf3 {[%emt 0:00:09]} a6 {[%emt 0:00:06]} 4. Bg5 {[%emt 0:03:15]} Be7 {[%emt 0:00:42]} 5. Bxe7 {[%emt 0:00:35]} Nxe7 {[%emt 0:00:23]} 6. Nbd2 {[%emt 0:00:54]} Nd7 {[%emt 0:10:12]} 7. g3 {[%emt 0:12:21]} dxc4 {[%emt 0:12:38]} 8. Nxc4 {[%emt 0:01:48]} b5 {[%emt 0:02:06]} 9. Ncd2 {[%emt 0:00:29]} Bb7 {[%emt 0:00:55]} 10. Rc1 {[%emt 0:02:31]} Rc8 {[%emt 0:00:30]} 11. b4 {[%emt 0:04:18]} Nc6 {[%emt 0:07:46]} 12. a3 {[%emt 0:03:40]} Nxd4 {[%emt 0:02:28]} 13. Nxd4 {[%emt 0:01:26]} Bxh1 {[%emt 0:00:04]} 14. f3 {[%emt 0:00:12]} c5 {[%emt 0:00:27]} 15. Ne4 {[%emt 0:05:49]} O-O {[%emt 0:04:04]} 16. bxc5 {[%emt 0:03:17]} Qe7 {[%emt 0:09:34]} 17. Nb3 {[%emt 0:02:32]} Rc6 {[%emt 0:08:22]} 18. Kf2 {[%emt 0:25:33]} f5 {[%emt 0:05:52]} 19. Nd4 {[%emt 0:00:12]} Rc7 {[%emt 0:04:36]} 20. Nd2 {[%emt 0:12:06]} Nxc5 {[%emt 0:04:54]} 21. Kg1 {[%emt 0:00:30]} Rd8 {[%emt 0:04:04]} 22. e3 {[%emt 0:00:50]} e5 {[%emt 0:01:01]} 23. N4b3 {[%emt 0:05:51]} Nxb3 {[%emt 0:01:29]} 24. Qxb3+ {[%emt 0:00:06]} Kh8 {[%emt 0:00:04]} 25. Rxc7 {[%emt 0:07:55]} Qxc7 {[%emt 0:00:04]} 26. Qb2 {[%emt 0:00:04]} Qd6 {[%emt 0:00:40]} 27. Kxh1 {[%emt 0:00:05]} Qxd2 {[%emt 0:00:04]} 28. Qxe5 {[%emt 0:00:24]} Qe1 {[%emt 0:00:15]} 29. Kg1 {[%emt 0:00:24]} Qd2 {[%emt 0:00:41]} 30. Qf4 {[%emt 0:04:29]} Re8 {[%emt 0:00:22]} 31. a4 {[%emt 0:02:12]} b4 {[%emt 0:01:43]} 32. Qd4 {[%emt 0:01:05]} Qxd4 {[%emt 0:01:35]} 33. exd4 {[%emt 0:00:02]} Re1 {[%emt 0:00:10]} 0-1